| Tag |
First Indicator |
Second Indicator |
Subfields |
| LEADER |
00000cam a2200000Ma 4500 |
| 001 |
in00003476993 |
| 005 |
20151206104202.0 |
| 008 |
140905s1933 enk 000 1 eng d |
| 016 |
7 |
|
|a 002975065
|2 Uk
|
| 019 |
|
|
|a 2127672
|a 219680235
|
| 035 |
|
|
|a (OCoLC)ocm34604826
|
| 035 |
|
|
|a (OCoLC)34604826
|z (OCoLC)2127672
|z (OCoLC)219680235
|
| 040 |
|
|
|a PUL
|b eng
|c PUL
|d OCL
|d OCLCQ
|d NLGGC
|d OCLCG
|d GBVCP
|d OCLCQ
|d UKMGB
|d OCLCO
|d UKBCI
|d OCLCF
|d WHE
|d VPI
|d STF
|d AU@
|d CRU
|d DEBBG
|d TXA
|d UtOrBLW
|
| 043 |
|
|
|a e-uk-en
|
| 049 |
|
|
|a TXAM
|
| 050 |
1 |
4 |
|a PR6031.O867
|b G56 1933
|
| 082 |
1 |
4 |
|a [Fic]
|
| 084 |
|
|
|a 18.05
|2 bcl
|
| 084 |
|
|
|a 7,25
|2 ssgn
|
| 084 |
|
|
|a HN 7003
|2 rvk
|
| 090 |
|
|
|a PR6031.O867
|b G6 1933
|
| 100 |
1 |
|
|a Powys, John Cowper,
|d 1872-1963.
|
| 245 |
1 |
2 |
|a A Glastonbury romance /
|c John Cowper Powys.
|
| 264 |
|
1 |
|a London :
|b John Lane, the Bodley Head Ltd.,
|c 1933.
|
| 300 |
|
|
|a 1174 pages ;
|c 23 cm.
|
| 336 |
|
|
|a text
|b txt
|2 rdacontent
|
| 337 |
|
|
|a unmediated
|b n
|2 rdamedia
|
| 338 |
|
|
|a volume
|b nc
|2 rdacarrier
|
| 500 |
|
|
|a "English edition first published in 1933."
|
| 500 |
|
|
|a Purchased for the Cushing Library/Lit./Mitchell Collection by The Cushing Library.
|
| 530 |
|
|
|a Also issued online.
|
| 650 |
|
0 |
|a Man-woman relationships
|z England
|z Glastonbury
|v Fiction.
|
| 650 |
|
0 |
|a Arthurian romances
|v Adaptations.
|
| 650 |
|
7 |
|a Arthurian romances.
|2 fast
|0 (OCoLC)fst00817169
|
| 650 |
|
7 |
|a Man-woman relationships.
|2 fast
|0 (OCoLC)fst01007080
|
| 651 |
|
7 |
|a England
|z Glastonbury.
|2 fast
|0 (OCoLC)fst01210183
|
| 655 |
|
7 |
|a Adaptations.
|2 fast
|0 (OCoLC)fst01423910
|
| 655 |
|
7 |
|a Fiction.
|2 fast
|0 (OCoLC)fst01423787
|
| 776 |
0 |
8 |
|i Online version:
|a Powys, John Cowper, 1872-1963.
|t Glastonbury romance.
|d London : John Lane, the Bodley Head Ltd., 1933
|w (OCoLC)551441331
|
| 948 |
|
|
|a cataloged
|b h
|c 2014/10/16
|d c
|e junters
|f 3:26:48 pm
|
| 994 |
|
|
|a C0
|b TXA
|
| 999 |
|
|
|a MARS
|
| 999 |
f |
f |
|s 3c363308-ccf8-3200-8afc-db4791eebd10
|i cb5d0e35-cc6b-3f69-957b-846409ef8abf
|t 0
|
| 952 |
f |
f |
|p noncirc
|a Texas A&M University
|b College Station
|c Cushing Memorial Library & Archives
|d Cushing: Literature/Mitchell (Does not check out)
|t 0
|e PR6031.O867 G6 1933
|h Library of Congress classification
|i unmediated -- volume
|
| 998 |
f |
f |
|a PR6031.O867 G6 1933
|t 0
|l Cushing: Literature/Mitchell (Does not check out)
|